El solar vasco navarro / (Record no. 69455)

MARC details
000 -LEADER
campo de control de longitud fija 00955nam a2200217 i 4500
001 - NÚMERO DE CONTROL
campo de control 69455
003 - IDENTIFICADOR DE NÚMERO DE CONTROL
campo de control ES-MaACL
005 - FECHA Y HORA DE LA ÚLTIMA TRANSACCIÓN
campo de control 20230906170526.0
007 - CAMPO FIJO DE DESCRIPCIÓN FÍSICA--INFORMACIÓN GENERAL
campo de control de longitud fija t|
008 - DATOS DE LONGITUD FIJA--INFORMACIÓN GENERAL
campo de control de longitud fija 040706m19471948sp ||||1| spa d
100 1# - ENTRADA PRINCIPAL--NOMBRE DE PERSONA
Nombre de persona García Carraffa, Alberto.
9 (RLIN) 54342
245 13 - MENCIÓN DEL TÍTULO
Título El solar vasco navarro /
Mención de responsabilidad, etc. por A. y A. García Carraffa.
260 ## - PUBLICACIÓN, DISTRIBUCIÓN, ETC.
Lugar de publicación, distribución, etc. Madrid :
Nombre del editor, distribuidor, etc. Artes Gráficas,
Fecha de publicación, distribución, etc. 1947-1948 (
Lugar de fabricación/manufactura Salamanca :
Fabricante Imp. Comercial Salmantina)
300 ## - DESCRIPCIÓN FÍSICA
Extensión 6 v., 111 lám. ;
Dimensiones 25 cm.
505 8# - NOTA DE CONTENIDO CON FORMATO
Nota de contenido con formato Contiene: t. I. A-Amias (319 p.) -- t. II. Amici-Butron (536 p.) -- t. III. Caarrabal-Goicoechea (430 p.) -- t. IV. Goicoecheon-Luzuriaga (492 p.) -- t. V. Llaguno-Rújula (392 p.) -- t. VI. Saalegui-Zuzuarregui (407 p.)
651 #4 - PUNTO DE ACCESO ADICIONAL DE MATERIA--NOMBRE GEOGRÁFICO
Nombre geográfico País Vasco-
Subdivisión geográfica Genealogía.
9 (RLIN) 157576
651 #4 - PUNTO DE ACCESO ADICIONAL DE MATERIA--NOMBRE GEOGRÁFICO
Nombre geográfico Navarra (Comunidad Autónoma)-
Subdivisión general Genealogía.
9 (RLIN) 157577
700 1# - ENTRADA AGREGADA--NOMBRE PERSONAL
Nombre de persona García Carraffa, Arturo.
9 (RLIN) 54343
852 ## - LOCALIZACIÓN
Ubicación ES-MaACL
Número de control de estantería B-1761-66
Sublocalización o colección R.27067
852 ## - LOCALIZACIÓN
Ubicación ES-MaACL
Número de control de estantería B-1771-76
Sublocalización o colección R.28507
Holdings
Estatus retirado Estado de pérdida Estado de daño No para préstamo Biblioteca de origen Biblioteca actual Ubicación en estantería Fecha de adquisición Fuente de adquisición Total de préstamos Signatura topográfica completa Código de barras Visto por última vez Precio de reemplazo Tipo de ítem Koha
        Biblioteca del Ateneo de Madrid Biblioteca del Ateneo de Madrid Sala Pardo Bazán 17/01/2008     B-1761-66 1072731 23/02/2023 23/02/2023 Libro impreso
        Biblioteca del Ateneo de Madrid Biblioteca del Ateneo de Madrid Sala Pardo Bazán 17/01/2008     B-1771-76 1072732 23/02/2023 23/02/2023 Libro impreso